000 00503nam a2200169Ia 4500
008 240729s9999 xx 000 0 und d
022 _a1751-8369
245 0 _aPolar Research
260 _aNorway
260 _bNorwegian Polar Institute
650 _a Environmental sciences | Geography. Anthropology. Recreation
650 _a Oceanography
650 _aGeography. Anthropology. Recreation
856 _uhttps://doaj.org/toc/a721458cb2dc4007b87e5b1e6873865b
942 _2ddc
942 _cDOAJEJ
999 _c68310
_d68310
945 _a1
_bMadushi Gamage
_c1
_dMadushi Gamage